Malaysian architecture : crisis within

Bibliographic Details
Main Author: Mohamad Tajuddin Mohamad Rasdi
Format: Book
Published: Kuala Lumpur : Utusan Publications & Distributors , 2005
Subjects:

MARC

LEADER 00000cam a2200000 7i4500
001 0000014837
005 20080306.0
008 080306
020 |a 9676117285 
090 0 0 |a 720.9595   |b MOH 
100 0 |a Mohamad Tajuddin Mohamad Rasdi 
245 1 4 |a Malaysian architecture :   |b crisis within   |c Mohamad Tajuddin Mohamad Rasdi 
260 |a Kuala Lumpur :   |b Utusan Publications & Distributors ,   |c 2005 
650 0 |a Architecture   |z Malaysia 
999 |a 0001015671   |b Book   |c Adult Collection   |e Cawangan Urban Transformation Centre 
999 |a 0001015672   |b Book   |c Adult Collection   |e Perbadanan Perpustakaan Awam Johor 
999 |a 0001015673   |b Book   |c Adult Collection   |e Perbadanan Perpustakaan Awam Johor 
999 |a 0001015674   |b Book   |c Adult Collection   |e Cawangan Urban Transformation Centre 
999 |a 0001015675   |b Book   |c Adult Collection   |e Perbadanan Perpustakaan Awam Johor